000 00501nam a2200169 4500
001 148712
003 ES-MaACL
005 20230906202755.0
007 t|
008 070214s1917 fr r ||||1| fre d
100 1 _aSuarès, André.
_9108534
245 1 0 _aSur la mort de mon frère /
_cAndré Suarès [seud. de Felix André Ives Scantrel].
250 _aNouvelle éd.
260 _aParis :
_bEmile-Paul Frères,
_c1917 (
_fChaix)
300 _a6 h., 252 p. ;
_c19 cm.
852 _aES-MaACL
_jF-3215
999 _c148712
_d148712